02289nam a2200601 i 4500001001500000003000800015005001700023007000300040008004100043015001700084020005500101020005200156035002200208040002900230041001300259043001200272045000900284072005200293072002900345080001900374080002000393080002100413080001300434080001500447080002200462100004300484240002400527245015200551250002300703264005200726300002300778336002600801337002900827338002700856490001100883504003700894600004600931648004000977650007301017650006601090650006401156650003601220650006601256650004801322650004401370650001901414655005401433655003801487700005101525830001101576856009301587044000701680nkc20213383503CZ PrNK20260428123211.0ta211215s2022 xr e 000 jacze  acnb003383503 a978-80-242-7948-0q(Euromedia Group ;qvázáno) a978-80-88126-98-0q(Cesta domů ;qvázáno) a(OCoLC)1354195977 aBOA001bczedABA001erda1 aczeheng ae-uk--- ax7y2 7a616xPatologie. Klinická medicína2Konspekt 7a929xBiografie2Konspekt a616-055.22MRF a616-093.752MRF a616-036.8872MRF a9292MRF a(410)2MRF a(0:82-322.6)2MRF1 aClarke, Rachel,d1972-7xx02779834aut10aDear life.lČesky10aJe-li ti život milý :bpříběhy ze života paliativní lékařky /cRachel Clarke ; z angličtiny přeložila Tereza Kinovičová aVydání první 1aPraha :bEuromedia Group :bCesta domů,c2022 a213 stran ;c24 cm atextbtxt2rdacontent abez médiabn2rdamedia asvazekbnc2rdacarrier1 aEsence aObsahuje bibliografické odkazy17aClarke, Rachel,d1972-7xx02779832czenas 7a20.-21. století7ch4621552czenas07alékařky7ph137964zVelká Britániey20.-21. století2czenas07apaliativní medicína7ph870943zVelká Británie2czenas07apaliativní péče7ph123911zVelká Británie2czenas07aumírání7ph1269272czenas09awomen physicianszGreat Britainy20th-21st centuries2eczenas09apalliative medicinezGreat Britain2eczenas09apalliative carezGreat Britain2eczenas09adying2eczenas 7aautobiografické příběhy7fd1318912czenas 9aautobiographical stories2eczenas1 aKinovičová, Tereza,d1973-7xx02779644trl 0aEsence41uhttps://ndk.cz/uuid/uuid:1c3cd840-0ee3-11f0-bbbc-005056827e51yDigitalizovaný dokument axr